<?xml version="1.0" encoding="UTF-8"?>
<collection xmlns="http://www.loc.gov/MARC21/slim">
 <record>
  <leader>02017nab a2200229 i 4500</leader>
  <controlfield tag="001">acta3062</controlfield>
  <controlfield tag="005">20260203140014.0</controlfield>
  <controlfield tag="008">161015s1991    hu      o     000   hun d</controlfield>
  <datafield tag="022" ind1=" " ind2=" ">
   <subfield code="a">0324-6965</subfield>
  </datafield>
  <datafield tag="040" ind1=" " ind2=" ">
   <subfield code="a">SZTE Egyetemi Kiadványok Repozitórium</subfield>
   <subfield code="b">hun</subfield>
  </datafield>
  <datafield tag="041" ind1=" " ind2=" ">
   <subfield code="a">hun</subfield>
  </datafield>
  <datafield tag="041" ind1=" " ind2=" ">
   <subfield code="a">eng</subfield>
  </datafield>
  <datafield tag="100" ind1="1" ind2=" ">
   <subfield code="a">Giczi Zsolt</subfield>
  </datafield>
  <datafield tag="245" ind1="1" ind2="0">
   <subfield code="a">Evangélikus teológusok külföldi tanulmányai a két világháború között</subfield>
   <subfield code="h">[elektronikus dokumentum] /</subfield>
   <subfield code="c"> Giczi Zsolt</subfield>
  </datafield>
  <datafield tag="260" ind1=" " ind2=" ">
   <subfield code="a">University of Szeged, Magyar Medievisztikai Kutatócsoport</subfield>
   <subfield code="b">Szeged</subfield>
   <subfield code="c">1991</subfield>
  </datafield>
  <datafield tag="300" ind1=" " ind2=" ">
   <subfield code="a">91-97</subfield>
  </datafield>
  <datafield tag="490" ind1="0" ind2=" ">
   <subfield code="a">Acta Universitatis Szegediensis : acta historica</subfield>
   <subfield code="v">Különs</subfield>
  </datafield>
  <datafield tag="520" ind1="3" ind2=" ">
   <subfield code="a">Between the two World Wars the Hungarian Lutheran Church managed to continue the noble tradition of sending divinity students on study strips in foreign countries. Even that time Lutheran scholars attended the famous Protestant Universities of Germany. It was a new phenomenon that from the second half of the 1920's on many students chose Finland. Some Hungarian Lutheran scholars attended the universities of France, Switzerland and Austria. A small number of them studied in Sweden, Estonia, Denmark or in the U. S. A. The Hungarian Lutheran Church — though limited in its financial sources — achieved through great efforts that cca. one third of the 334 students who had graduated at the Sopron Lutheran Theological College between 1923 and 1939 could spendalong time at foreign universities. Due to this the Lutheran theologian returned to Hungary with the latest theological views and an excellent knowledge of foreign languages. They experienced the organisation, the functioning and the religious life of the foreign Churches, and utilized their knowledge for the benefit of the Hungarian congregations.</subfield>
  </datafield>
  <datafield tag="650" ind1=" " ind2="4">
   <subfield code="a">Bölcsészettudományok</subfield>
  </datafield>
  <datafield tag="650" ind1=" " ind2="4">
   <subfield code="a">Történettudomány és régészet</subfield>
  </datafield>
  <datafield tag="695" ind1=" " ind2=" ">
   <subfield code="a">Evangélikus egyház - oktatás - Magyarország - 1920-30-as évek</subfield>
  </datafield>
  <datafield tag="856" ind1="4" ind2="0">
   <subfield code="u">http://acta.bibl.u-szeged.hu/3062/1/historica_kulon_091-097.pdf</subfield>
   <subfield code="z">Dokumentum-elérés </subfield>
  </datafield>
 </record>
</collection>
